Moselle - mort subite - Statistiques

Statistiques générales
  • Ce quiz a été pris 59 fois
  • Le résultat moyen est 7 sur 18
Answers on the Grid
Answers color-coded by a green-red scale on the quiz's grid according to % correct below.
La Sarre
Heilbronn
Mulhouse
L'église la plus vieille en France
Une ancienne capitale du royaume d'Austrasie
Kœnigsmacker
Thionville
Saarlouis
L'ancienne résidence des rois prussiens
Passau
Longwy
Centrale nucléaire de Cattenom
Hagondange
L'ancien Gau de la Marche de l'Ouest
Un aéroport
Moers
Soshanguve
Kolding
Yutz
Recklinghausen
L'ancien département de Meurthe
Philipsburg
Metz
Des panneaux routiers en franconien
Maoming
Porsgrunn
Sarreguemines
Une frontière avec le Luxembourg
Hildesheim
Reckange-sur-Mess
Du territoire qui faisait partie de l'Allemagne en 1900
Herne
Forbach
Du territoire qui appartenait à l'Autriche en 1814
Pétange
Laa an der Thaya
 
Statistiques - réponses
Réponse % Correct
Thionville
88%
Metz
56%
Centrale nucléaire de Cattenom
53%
La Sarre
53%
Metz Une ancienne capitale du royaume d'Austrasie
53%
Yutz
53%
80% du département Du territoire qui faisait partie de l'Allemagne en 1900
50%
Forbach
50%
Hagondange
50%
Sarreguemines
47%
Kœnigsmacker
41%
Une frontière avec le Luxembourg
38%
L'église Saint-Pierre-aux-Nonnains, Metz L'église la plus vieille en France
28%
Metz-Nancy Un aéroport
25%
L'ancien département de Meurthe
22%
Des panneaux routiers en franconien
16%
Du territoire qui appartenait à l'Autriche en 1814
13%
("Gau Westmark") Considérée comme une terre allemande à « germaniser », la population a subi une interdiction du français et, dès 1942, la conscription forcée dans l'armée allemande L'ancien Gau de la Marche de l'Ouest
6%
Aucun quiz correspondant
Distribution des résultats
% des personnes avec chaque résultat
Percentile par nombre de réponses
Votre historique - résultats
Vous n’avez pas pris ce quiz